000 00865nam a2200181 a 4500
008 120416s0000 ||||||||||||||||| || u
020 _a8175330236
050 _aHX 546 Mov
100 _aGupta, Vikay Kumar
245 1 0 _aMoving on
_cedited by Man Singh Das
246 _awomen and society
260 _aNew Delhi
_bMD Publishers
_c1996
350 _a0.00
700 _aDas, Man Singh
995 _aANNEX COLLECTION (Main Library)
_D0.00
_e732900
_FCBU-MAIN LIBRARY (Kitwe)
_H3
_I30.00
_jHX 546 Mov
_M3
_UAVAILABLE
_y029844
_ZAnnex Low-Usage Collection
995 _aMAIN LIBRARY OPEN ACCESS
_D0.00
_e732898
_FCBU-MAIN LIBRARY (Kitwe)
_H1
_I30.00
_jHX 546 Mov
_M1
_UAVAILABLE
_y029842
_ZMain Library Open Access Collection
995 _aANNEX COLLECTION (Main Library)
_D0.00
_e732899
_FCBU-MAIN LIBRARY (Kitwe)
_H2
_I30.00
_jHX 546 Mov
_M2
_UAVAILABLE
_y029843
_ZAnnex Low-Usage Collection
999 _c78658
_d78658